Προλεγόμενα εις τας "Ερμηνευτικάς διδασκαλίας" του Ιωάννου VIII. Ξιφιλίνου Πατριάρχου Κωνσταντινουπόλεως [2 Ιαν. 1064-2 Αυγ.1075]
Saved in:
| Main Author: | |
|---|---|
| Format: | Book |
| Language: | Greek |
| Published: |
Αθήνα :
1937
|
| Subjects: | |
| Tags: |
Add Tag
No Tags, Be the first to tag this record!
|
MARC
| LEADER | 00000cam a2200000 i 4500 | ||
|---|---|---|---|
| 001 | 1/103545 | ||
| 008 | 950516s1937 gre d | ||
| 035 | |l 10012933 | ||
| 040 | |a GR-MY-UA |b gre |e aacr | ||
| 041 | 0 | |a gre | |
| 082 | 0 | |a 230 | |
| 100 | 1 | |a Μπόνης, Κωνσταντίνος Γ. | |
| 245 | 1 | 0 | |a Προλεγόμενα εις τας "Ερμηνευτικάς διδασκαλίας" του Ιωάννου VIII. Ξιφιλίνου Πατριάρχου Κωνσταντινουπόλεως [2 Ιαν. 1064-2 Αυγ.1075] / |c Κωνσταντίνου Γ. Μπόνη |
| 260 | |a Αθήνα : |c 1937 | ||
| 300 | |a 99 σ. | ||
| 500 | |a Συμβολή εις μια νέαν έκδοσιν | ||
| 504 | |a Ευρετήριο: σ.97-99 | ||
| 650 | 0 | 0 | |a Theology, Eastern Church. |
| 852 | |a INST |b LESVOS |e 19950516 |h 230 ΜΠΟ |p 005100000667 |q 005100000667 |t BK |y 0 | ||
| 909 | |a Λ |b 023110 | ||
| 970 | |z 2000/05/ΟΙΚΟΝΟΜΟΠΟΥΛΟΥ ΧΡΙΣΤΙΝΑ | ||